Romans (Record no. 26147)
[ view plain ]
| 000 -LEADER | |
|---|---|
| fixed length control field | 00486nam a2200169Ia 4500 |
| 008 - FIXED-LENGTH DATA ELEMENTS--GENERAL INFORMATION | |
| fixed length control field | 200831s9999||||xx |||||||||||||| ||und|| |
| 020 ## - INTERNATIONAL STANDARD BOOK NUMBER | |
| International Standard Book Number | 1845503627 |
| 020 ## - INTERNATIONAL STANDARD BOOK NUMBER | |
| International Standard Book Number | 9781845503628 |
| 041 ## - LANGUAGE CODE | |
| Language code of text/sound track or separate title | eng |
| 050 ## - LIBRARY OF CONGRESS CALL NUMBER | |
| Classification number | BS2665.3 |
| Item number | .R493 1999 |
| 100 ## - MAIN ENTRY--PERSONAL NAME | |
| Personal name | Church, St Helen's |
| 245 #0 - TITLE STATEMENT | |
| Title | Romans |
| Remainder of title | / |
| Statement of responsibility, etc. | St Helen's Church |
| 260 ## - PUBLICATION, DISTRIBUTION, ETC. | |
| Place of publication, distribution, etc. | earn, Scotland : |
| Name of publisher, distributor, etc. | Christian Focus Publications, |
| Date of publication, distribution, etc. | 2013, c1999 |
| 300 ## - PHYSICAL DESCRIPTION | |
| Extent | 318 p. |
| Other physical details | ; |
| Dimensions | 20 cm. |
| 650 ## - SUBJECT ADDED ENTRY--TOPICAL TERM | |
| Topical term or geographic name entry element | Bible. -- Romans -- Commentaries. |
| Withdrawn status | Lost status | Damaged status | Not for loan | Home library | Current library | Shelving location | Date acquired | Total Checkouts | Full call number | Barcode | Date last seen | Price effective from | Koha item type |
|---|---|---|---|---|---|---|---|---|---|---|---|---|---|
| GETS Theological Seminary Library | GETS Theological Seminary Library | General Stacks | 08/31/2020 | BS2665.3 .R493 1999 | 00013212 | 08/31/2020 | 08/31/2020 | English Books |